Countries In Secretariat Of The Pacific Community - Statistics

General Stats
  • This quiz has been taken 29 times
  • The average score is 16 of 22
Answer Stats
State % Correct
Tonga
100%
Vanuatu
100%
Fiji
96%
Kiribati
96%
Marshall Islands
96%
Nauru
96%
Palau
96%
Tuvalu
96%
Federated States of Micronesia
92%
Papua New Guinea
92%
Samoa
92%
Solomon Islands
84%
Guam
68%
New Caledonia
68%
American Samoa
64%
French Polynesia
64%
Cook Islands
52%
Niue
48%
Northern Mariana Islands
36%
Wallis and Futuna
36%
Tokelau
32%
Pitcairn Islands
28%
No matching quizzes found
Score Distribution
Percent of People with Each Score
Percentile by Number Answered
Your Score History
You have not taken this quiz